|
|
|
|
| LEADER |
00918nab#a2200349#ar4500 |
| 001 |
000103491 |
| 003 |
SVKKK |
| 005 |
20101228145009.0 |
| 008 |
080509c2010 xo |||||||||||||||b|slo |
| FMT |
|
|
|
| 015 |
|
|
|a SNBRB2010/12
|
| 038 |
|
|
|a SVKKK
|
| 040 |
|
|
|a SVKKK
|b slo
|e AACR2
|
| 041 |
0 |
|
|a slo
|
| 044 |
|
|
|a xo
|c SK
|
| 080 |
|
|
|a 929 Jakabský, Štefan
|2 1997
|
| 080 |
|
|
|a 622-051
|2 1997
|
| 100 |
1 |
|
|a Hredzák, Slavomír
|4 aut
|
| 245 |
1 |
0 |
|a Ing Štefan Jakabský, PhD., šesťdesiatpäťročný
|b greetings to 65th jubilee
|c Slavomír Hredzák
|
| 300 |
|
|
|b Obr.
|
| 504 |
|
|
|a Bibliogr. odkazy
|
| 600 |
1 |
4 |
|a Jakabský, Štefan
|d 1945-
|x montanista
|
| 773 |
0 |
|
|t Mineralia slovaca
|g Roč. 42, č. 3 (2010)
|x 0369-2086
|
| 773 |
0 |
|
|i Príl.:
|t Geovestník
|g Č. 3 (2010), s. 386-388
|
| 958 |
|
|
|a NB
|
| 958 |
|
|
|a BX
|
| 974 |
|
|
|a Ni
|
| 992 |
|
|
|a RBX
|
| BAS |
|
|
|
| 852 |
|
|
|a SVKKK
|b BIB
|
| EXP |
|
|
|
| 998 |
|
|
|a GEO
|